La broca de la cereza del cafeto (Hypothenemus hampei Ferrari 1867): (Registro nro. 20231)
[ vista simple ]
| 000 -CABECERA | |
|---|---|
| Campo de control | 00890nam a22002537a 4500 |
| 005 - FECHA Y HORA DE LA ULTIMA TRANSACCION | |
| Campo de control | 20180608150022.0 |
| 008 - ELEMENTOS DE LONGITUD FIJA—INFORMACION GENERAL | |
| Campo de control | 180608b1987 ck |||||rn|||o00| 0 spa d |
| 040 ## - FUENTE DE CATALOGACIÓN | |
| Agencia catalogadora original | CO-BoIAVH |
| Agencia transcriptora | CO-BoIAVH |
| 041 ## - IDIOMA | |
| Código de idioma para texto/pista de sonido o título separado | Español |
| 082 14 - NUMERO DE CLASIFICACION DECIMAL DEWEY | |
| Número de clasificación | 632.768 |
| Número del ítem | M45b |
| 100 1# - ASIENTO PRINCIPAL--NOMBRE PERSONAL | |
| Nombre personal | Maya Montalvo, Luis Alejandro |
| Término relacionado | autor |
| 9 (RLIN) | 11210 |
| 245 13 - MENCION DE TITULO | |
| Título | La broca de la cereza del cafeto (Hypothenemus hampei Ferrari 1867): |
| Parte restante del título | resúmenes analíticos |
| 260 ## - PUBLICACION, DISTRIBUCION, ETC. (PIE DE IMPRENTA) | |
| Lugar de publicación, distribución, etc. | Chinchiná: |
| Nombre del editor, distribuidor, etc. | Cenicafé, |
| Fecha de publicación, distribución, etc. | 1987. |
| 300 ## - DESCRIPCION FISICA | |
| Extensión | 351 páginas, |
| 504 ## - NOTA DE BIBLIOGRAFIA, ETC. | |
| Nota de bibliografía | Incluye índice de descriptores (página 31 |
| 650 14 - ASIENTO SECUNDARIO DE MATERIA - TERMINO TEMATICO | |
| Término temático o nombre geográfico como elemento de entrada | Enfermedades de las plantas |
| 9 (RLIN) | 48001 |
| 650 14 - ASIENTO SECUNDARIO DE MATERIA - TERMINO TEMATICO | |
| Término temático o nombre geográfico como elemento de entrada | Curculionoidea |
| 9 (RLIN) | 91506 |
| 650 14 - ASIENTO SECUNDARIO DE MATERIA - TERMINO TEMATICO | |
| Término temático o nombre geográfico como elemento de entrada | Hypothenemus hampei |
| 9 (RLIN) | 91507 |
| 650 14 - ASIENTO SECUNDARIO DE MATERIA - TERMINO TEMATICO | |
| Término temático o nombre geográfico como elemento de entrada | Broca del fruto del cafeto |
| 9 (RLIN) | 91508 |
| 650 14 - ASIENTO SECUNDARIO DE MATERIA - TERMINO TEMATICO | |
| Término temático o nombre geográfico como elemento de entrada | Broca del café |
| 9 (RLIN) | 91509 |
| 650 14 - ASIENTO SECUNDARIO DE MATERIA - TERMINO TEMATICO | |
| Término temático o nombre geográfico como elemento de entrada | Barrenador del café |
| 9 (RLIN) | 91510 |
| 700 1# - ASIENTO SECUNDARIO - NOMBRE PERSONAL | |
| Nombre personal | Moncada Botero, María del Pilar |
| Término de relación | autora |
| 9 (RLIN) | 91511 |
| 942 ## - ELEMENTOS ADICIONALES (KOHA) | |
| Sistema de clasificación | Dewey Decimal Classification |
| Tipo de ítem | Libro |
| Withdrawn status | Lost status | Sistema de Clasificación | Damaged status | No para préstamo | Colección | Ubicación Permanente | Ubicación actual | Fecha de adquisición | Fuente de Valor | Valor | Total Checkouts | Número topográfico | Inventario / Código de Barras | Date last seen | Ejemplar | Price effective from | Forma de adquisición | Tipo de material |
|---|---|---|---|---|---|---|---|---|---|---|---|---|---|---|---|---|---|---|
| Dewey Decimal Classification | General | Bogotá | Bogotá | 08/06/2018 | Instituto | 30000.00 | LB-632.768 M45b | 043560 | 08/06/2018 | Ej. 1 | 08/06/2018 | Donación | Libro |